Statistics for 2022 MLB Opening Day Starting Pitcher

Click here to take the quiz!

General Stats

  • This quiz has been taken 27 times
  • The average score is 18 of 30

Answer Stats

HintAnswer% Correct
BrewersCorbin Burnes
87%
PadresYu Darvish
87%
CardinalsAdam Wainwright
80%
YankeesGerrit Cole
80%
BravesMax Fried
80%
AstrosFramber Valdez
73%
GiantsLogan Webb
73%
DiamondbacksMadison Bumgarner
73%
NationalsPatrick Corbin
73%
MarinersRobbie Ray
73%
MarlinsSandy Alcantara
73%
GuardiansShane Bieber
73%
AngelsShohei Ohtani
73%
DodgersWalker Buehler
73%
PhilliesAaron Nola
67%
CubsKyle Hendricks
60%
White SoxLucas Giolito
60%
RoyalsZack Greinke
60%
RangersJon Gray
53%
RockiesKyle Freeland
53%
TigersEduardo Rodriguez
47%
AthleticsFrankie Montas
47%
Blue JaysJose Berrios
47%
Red SoxNathan Eovaldi
47%
MetsTylor Megill
47%
OriolesJohn Means
33%
RaysShane McClanahan
33%
PiratesJ.T. Brubaker
27%
TwinsJoe Ryan
20%
RedsTyler Mahle
13%

Score Distribution

Percentile by Number Answered

Percent of People with Each Score

Your Score History

You have not taken this quiz